000 00406nam a2200181Ia 4500
001 8715
003 GE_BSU
008 181216s||||||||xx |||||||||||||| ||und||
040 _cGE_BSU
245 _aParis Match, du 1 AU 8 janvier. №3372 2014.
245 _b№3372
245 _cdir.red. O.Royant.
260 _aParis
260 _c2014
300 _a102p;29sm.
653 _aParis Match
942 _cCR
999 _c42025
_d42025